| 000 | 01002nmm a2200373 a 4500 | ||
|---|---|---|---|
| 003 | AR-BaBNM | ||
| 005 | 20251128203729.0 | ||
| 008 | 207019s1959 ||||||||||||||000 | spa|| | ||
| 040 | _cAR-BaBNM | ||
| 100 | 1 | _aD'Amico, Silvio | |
| 245 | 1 | 0 |
_aHistoria del teatro universal _bGrecia y Roma. Edad Media. 1-2 |
| 260 |
_aBuenos Aires _bLosada _c1959 |
||
| 300 | 0 |
_a431 p. _bláms., il. |
|
| 500 | 0 | _aContiene referencias bibliográficas en p. 407 | |
| 500 | 0 | _aIndice de ilustraciones en p. 423 | |
| 650 | 4 | _aLITERATURA LATINA | |
| 650 | 4 | _aLITERATURA GRIEGA | |
| 650 | 4 | _aHISTORIA DEL ARTE | |
| 650 | 4 | _aARTE ANTIGUO | |
| 650 | 4 | _aESTILOS ARTISTICOS | |
| 650 | 4 | _aCOMEDIA | |
| 650 | 4 | _aEDAD MEDIA | |
| 650 | 4 | _aTEATRO | |
| 650 | 4 | _aARTES ESCENICAS | |
| 650 | 4 | _aCRITICA LITERARIA | |
| 650 | 4 | _aTRAGEDIA | |
| 651 | 4 | _aRoma | |
| 653 | 0 | _aTEATRO GRIEGO | |
| 653 | 0 | _aEPICA | |
| 653 | 0 | _aCRITICA TEATRAL | |
| 700 | 1 |
_aWilcock, J.R. _etraductor |
|
| 942 | _cBK | ||
| 998 | _cMARTIN | ||
| 999 |
_c4689 _d4689 |
||